La novela de perón /

Guardado en:
Autor Principal: Martínez, Tomás Eloy
Formato: Libro
Publicado: Barcelona : Rba editores, 1993
Series:Narrativa actual
Materias:
Etiquetas: Agregar Etiqueta
Sin Etiquetas, Sea el primero en etiquetar este registro!
LEADER 00688nam a22002295a 4500
001 CEM.cems012299
005 20101202121601.0
008 130507s1993##################000#0#####d
003 CEMS
020 |a 8447301699 
082 0 4 |a A863.4 
100 1 |a Martínez, Tomás Eloy 
245 1 0 |a La novela de perón /  |c Tomás Eloy Martínez 
260 |a Barcelona :  |b  Rba editores,  |c 1993 
300 |a 367 p. 
490 0 |a Narrativa actual 
653 |a Literatura 
653 |a Literatura argentina 
653 |a Novelas 
653 |a Novelas argentinas 
859 |a CEMS  |b BIB. CEMS - 11 de abril  |h A863.4  |i M366-8  |p 23502.06  |t Ej.1 
859 |a CEMS  |b BIB. CEMS - 11 de abril  |h A863.4  |i M366-8  |p 27921.19  |t Ej.2